Statistics for History of Vietnam

Click here to take the quiz!

General Stats

  • This quiz has been taken 441 times
  • The average score is 12 of 20

Answer Stats

QuestionAnswer% Correct
What country colonized Vietnam in 1887?France
98%
Who founded the Communist Party of Vietnam in 1930?Ho Chi Minh
97%
What was the former name of the most populous city in Vietnam before its was
named after the above?
Saigon
91%
What country did Vietnam invade in 1989?Cambodia
83%
What country did North Vietnam successfully invade in 1959?Laos
77%
What was the last imperial family to rule Vietnam between 1802–1883?
(Hint: Very common Vietnamese surname)
{Nguyễn} Dynasty
76%
What was the name of the Communist guerrilla group of South Vietnam?Viet Cong
74%
What world leaders met at the Hanoi Summit in February 27th and 28th, 2019?Donald Trump
59%
What is the name of the war that was fought against the above between 1946–1954?First {Indochina} War
58%
In what gulf did North Vietnam attack the U.S. - thus bringing them into the Vietnam War?Gulf of {Tonkin}
57%
By what name has the Vietnam War been called in Vietnam?Resistance War
Against {America}
55%
What world leaders met at the Hanoi Summit in February 27th and 28th, 2019?Kim Jong-un
50%
What major regional organization did Vietnam join in 1995?ASEAN
48%
What Communist party of the above did Vietnam removed from power when it invaded?Khmer Rouge
47%
What infamous massacre involved U.S. troops killing South Vietnamese civilians in 1968?{My} {Lai} Massacre
44%
What Vietnamese ethnic group of hill people emigrated in large numbers to the
U.S. after the Vietnam War?
Hmong
38%
What name was given to the refugees of the late 1970s that fled Vietnam?{Boat} People
37%
What was the full official English name of South Vietnam?Republic of Vietnam
30%
What was created by Portuguese Jesuits, and later developed by Alexandre de Rhodes?Vietnamese {Alphabet}
23%
What religion was founded by Ngo Van Chieu in 1940s?Cao Dai
15%

Score Distribution

Percentile by Number Answered

Percent of People with Each Score

Your Score History

You have not taken this quiz